000 00376 a2200169 4500
001 184795
020 _a85-01-00942-3
040 _cMagnum
100 _aAmado, Jorge
240 1 0 _aTereza Batista cansada de guerra
_lpor
245 1 0 _aTereza Batista cansada de guerra
300 _a48
362 0 _a2001
440 1 _aRecord
697 _aLITERATURA GERAL
942 _cBK
999 _c184795
_d184795